| 000 | 00520nam a2200181Ia 4500 | ||
|---|---|---|---|
| 999 |
_c30170 _d30170 |
||
| 003 | OSt | ||
| 005 | 20210108132359.0 | ||
| 008 | 190216s9999||||xx |||||||||||||| ||und|| | ||
| 020 | _a9788182674301 | ||
| 040 | _coclc | ||
| 082 |
_a894.812301 _bROS/H |
||
| 100 |
_aRose, Maria _98262 |
||
| 245 | 0 |
_a13 Horror Kathakal / _cMaria Rose |
|
| 260 |
_bThe Mathrubhumi Priniting, _c2018. _aKozhikode: |
||
| 300 | _a257p | ||
| 650 | _aMalayalam | ||
| 942 |
_cBK _2ddc _h894.812301 _iROS/H _k894.812301 _mROS/H |
||